书目信息 |
| 题名: |
小麦
|
|
| 作者: | ;山东省莱阳农业学校 编著 | |
| 分册: | ||
| 出版信息: | 北京 科学出版社 1975 |
|
| 页数: | 299页 | |
| 开本: | 19cm | |
| 丛书名: | 农村科学试验丛书 | |
| 单 册: | ||
| 中图分类: | S512.1 | |
| 科图分类: | ||
| 主题词: | 小麦 | |
| 电子资源: | ||
| ISBN: | ||
| 000 | 00652nam2 2200241 45 | |
| 001 | 0175003190 | |
| 005 | 20060725175302.78 | |
| 010 | @dCNY0.60 | |
| 100 | @a19951031d1975 em y0chiy0121 ea | |
| 101 | 0 | @achi |
| 102 | @aCN@b110000 | |
| 105 | @ay z 000yy | |
| 200 | 10 | @a小麦@Axiao mai@f山东省莱阳农业学校编著 |
| 210 | @a北京@c科学出版社@d1975 | |
| 215 | @a299页@d19cm | |
| 225 | 2 | @a农村科学试验丛书 |
| 410 | 0 | @120010@a农村科学试验丛书 |
| 606 | @a小麦 | |
| 690 | @aS512.1@v3 | |
| 711 | 02 | @a山东省莱阳农业学校@Ashan dong sheng lai yang nong ye xue xiao@4编著 |
| 801 | 2 | @aCN@bNLC@c20060725 |
| 801 | 0 | @aCN@bTSSF |
| 905 | @a10447@dS512.1@e19 | |
| 小麦/山东省莱阳农业学校编著.-北京:科学出版社,1975 |
| 299页;19cm.-(农村科学试验丛书) |
| ISBN :CNY0.60 |
| ● |
| 相关链接 |
|
|
|
|
正题名:小麦
索取号:S512.1/19
 
预约/预借
| 序号 | 登录号 | 条形码 | 馆藏地/架位号 | 状态 | 备注 |
| 1 | 0438443 | 204384433 | 密集书库/ [索取号:S512.1/19] | 在馆 | |
| 2 | 0438444 | 204384442 | 密集书库/ [索取号:S512.1/19] | 在馆 |